000 00636nam a22002057a 4500
005 20251108171828.0
008 250721s1992 xx 000 0 ara d
082 1 4 _a415/لتل
100 1 _aالتل، سعيد
245 1 0 _aقاموس قواعد اللغة العربية الأساسية /
264 1 _aعمان :
_bمركز الكتب الأردني،
_c1992.
300 _a119ص
650 1 7 _aاللغة العربية
650 1 7 _aقواعد اللغة
650 1 7 _aالقواميس
700 1 _aإبراهيم، محمود
700 1 _aعدس، محمد عبد الرحيم
942 _2ddc
_cBK
999 _c63682
_d63682